000 00394nam a2200169Ia 4500
008 230917s9999||||xx |||||||||||||| ||und||
020 _cRS375
040 _e24752
_aMAIN
041 _aEnglish
082 _a150 B268P
100 _aBaron, Robert A
245 0 _aPsychology
250 _a2nd ed.
260 _aNew Delhi
_bPrintice-Hall of India
_c1992
300 _axxi, 685 p.
942 _cBK
999 _c65955
_d65955